| 000 | 01163cam a2200217 4500 | ||
|---|---|---|---|
| 001 | ABS63354 | ||
| 008 | 000000n2000 000 0 eng u | ||
| 035 | _a(Sirsi) u110222 | ||
| 100 | _aBaker, B | ||
| 245 | _aFrom the inside out | ||
| 260 | _c2000 | ||
| 490 |
_aSurveyor _v187(5610) 30 November 2000, 12-14(3) |
||
| 520 | _aInvestigation into the regeneration of retail town centres and how these are important in transforming surrounding areas. Looks in particular at the winners of the British Council for Shopping Centres (BSCS) Town Centre Environment Awards and how they have improved the town centre environment. Pedestrianiation and other public sector work in town centres may now becoming more popular as links to private investment are clarified This will provide new challenges and opportunities for local government as they become involved in design competitions and artwork programmes, not just re-routing traffic and managing cleaning. | ||
| 590 | _aABS | ||
| 650 | _aURBAN REGENERATION | ||
| 650 | _aTOWN CENTRES | ||
| 650 | _aRETAIL CENTRES | ||
| 650 | _aBRITISH COUNCIL FOR SHOPPING CENTRES | ||
| 690 | _aREGENERATION | ||
| 942 | _n0 | ||
| 999 |
_c65728 _d65728 |
||